| 000 | 00715nam a22002177a 4500 | ||
|---|---|---|---|
| 005 | 20150107114147.0 | ||
| 010 | _aENG-111498 | ||
| 020 |
_a9788174878724 _c1250.00 |
||
| 020 |
_a8174878726 _c1250.00 |
||
| 035 | _aEN-95030 | ||
| 037 | _bDBAD/PUB | ||
| 082 | _a363.3250954 | ||
| 245 |
_aTerrorism in South Asia : _cedited by Rajendra Prasad [and] Satish Chandra Pandey _bissues,challenges and responses / |
||
| 260 |
_aNew Delhi _bRadha Publications _c2014 |
||
| 270 |
_a4231/1,Ansari Road,Daryaganj _bNew Delhi _e110002 |
||
| 300 |
_axviii,524p. _c22cm(Hb) |
||
| 500 | _aIncludes index | ||
| 700 | _aRajendra Prasad | ||
| 700 | _aPandey,Satish Chandra | ||
| 942 |
_2ddc _cEN _mTER _h363.3250954 |
||
| 999 |
_c90554 _d90554 |
||